Countries By Their Overseas Military Bases - Statistics

General Stats
  • This quiz has been taken 49 times
  • The average score is 13 of 18
Answer Stats
Bases In: Country % Correct
Abkhazia*, Armenia, Belarus, Central African Republic (Planned), Eritrea (Planned), Kazakhstan, Kyrgyzstan, Madagascar (Planned), Mozambique (Planned), Transnistria*, South Ossetia*, Sudan (Planned), Syria, Tajikistan, Ukraine (Occupied) Russia
100%
Australia, Bahamas, Bahrain, Belgium, Bosnia and Herzegovina, Bulgaria, Cameroon, Canada, Cuba (Against Governments Will), Cyprus, Denmark (Greenland), Djibouti, Egypt, El Salvador, Estonia, Germany, Greece, Honduras, Iceland, Israel, Italy, Iraq, Japan, Jordan, Kenya, Kosovo, Kuwait, Lithuania, Netherlands + (Aruba & Curaçao), Marshall Islands, Poland, Portugal, Qatar, Romania, Saudi Arabia, Singapore, Somalia, South Korea, Spain, Syria (Against Governments Will), Turkey, United Arab Emirates, United Kingdom + (Ascension Island, British Indian Ocean Territory) United States
100%
Bahrain, Belize, Brunei, Canada, Cyprus, Czech Republic, Estonia, Germany, Iraq, Kenya, Lithuania, Nepal, Norway, Oman, Poland, Qatar, Saudi Arabia, Sierra Leone, Singapore, Somalia, Spain (Gibraltar), Syria, United Arab Emirates United Kingdom
98%
Djibouti, Chad, Côte d'Ivoire, Gabon, Germany, Iraq, Jordan, Senegal, United Arab Emirates France
90%
Cyprus Greece
88%
Cambodia, Cuba, Djibouti, Tajikistan China
83%
Bhutan, Madagascar, Mauritius, Oman, Seychelles, Tajikistan India
83%
France, Lithuania (Under Construction) Germany
80%
Iraq, Lebanon, Syria, Tajikistan Iran
80%
Syria (Occupied) Israel
76%
Albania, Azerbaijan, Bosnia and Herzegovina, Iraq, Kosovo, Libya, Cyprus, Qatar, Somalia, Syria Turkey
71%
Libya, Yemen United Arab Emirates
66%
Bahrain, Djibouti, Yemen Saudi Arabia
63%
Brunei, Taiwan, Thailand Singapore
46%
Malaysia, United Arab Emirates Australia
44%
Djibouti, Niger Italy
41%
Saudi Arabia Pakistan
34%
Kuwait Bangladesh
15%
No matching quizzes found
Score Distribution
Percent of People with Each Score
Percentile by Number Answered
Your Score History
You have not taken this quiz